Tajomstvá úspechu malého súkromného podnikania

Salvato in:
Dettagli Bibliografici
Autore principale: Jassinger, Alfréd
Natura: Libro
Lingua:slovacco
Pubblicazione: Bratislava Slovenská kniha 1991
Edizione:1. vyd.
Tags: Aggiungi Tag
Nessun Tag, puoi essere il primo ad aggiungerne!!

MARC

LEADER 00000nam a2200000 4500
001 c022777
005 20221214095021.1
041 0 |a slo 
044 |a SK 
245 1 0 |a Tajomstvá úspechu malého súkromného podnikania  |c Alfréd Jassinger 
250 |a 1. vyd. 
264 1 |a Bratislava  |b Slovenská kniha  |c 1991 
300 |a 98 s. 
100 1 |a Jassinger, Alfréd